Bhasha vijnan (Record no. 2412)

MARC details
000 -LEADER
fixed length control field 00438cam a2200181ua 4500
008 - FIXED-LENGTH DATA ELEMENTS--GENERAL INFORMATION
fixed length control field 110826n ii |||gr||||Z||||||asm
040 ## - CATALOGING SOURCE
Transcribing agency MAIN
082 ## - DEWEY DECIMAL CLASSIFICATION NUMBER
Classification number 410
100 ## - MAIN ENTRY--PERSONAL NAME
Personal name Goswami, Upendranath.,
Relator term
245 10 - TITLE STATEMENT
Title Bhasha vijnan
Statement of responsibility, etc. by Upendranath Goswami
250 ## - EDITION STATEMENT
Edition statement 2nd rev. ed.
260 ## - PUBLICATION, DISTRIBUTION, ETC.
Place of publication, distribution, etc. Gauhati:
Name of publisher, distributor, etc. New book stall,970.
300 ## - PHYSICAL DESCRIPTION
Extent 250p.
942 ## - ADDED ENTRY ELEMENTS (KOHA)
Koha item type Books
653 ## - INDEX TERM--UNCONTROLLED
Uncontrolled term Linguistics
653 ## - INDEX TERM--UNCONTROLLED
Uncontrolled term Bhasha vijnan
Holdings
Withdrawn status Lost status Damaged status Not for loan Home library Current library Shelving location Date acquired Total Checkouts Full call number Barcode Date last seen Copy number Price effective from Koha item type
        Central Library, Naharkatiya College Central Library, Naharkatiya College General Stacks 19/09/2020   410 | GOS 7916 19/09/2020 4 19/09/2020 Books
        Central Library, Naharkatiya College Central Library, Naharkatiya College General Stacks 19/09/2020   410 | GOS 8214 19/09/2020 3 19/09/2020 Books
        Central Library, Naharkatiya College Central Library, Naharkatiya College General Stacks 19/09/2020   410 | GOS 8244 19/09/2020 1 19/09/2020 Books
        Central Library, Naharkatiya College Central Library, Naharkatiya College General Stacks 19/09/2020   410 | GOS 8245 19/09/2020 2 19/09/2020 Books

Naharkatiya College © 2020. All rights reserved.

Powered By